000 00843nam a2200277 i 4500
001 000029107
003 DO-SdBNP
005 20240731103715.0
007 ta
008 110413s2001 dr 000 0 spa d
020 _z9993481709
040 _aDO-SdBNP
_bspa
_cBNPHU
_erda
082 _bU15c
_222
100 1 _aUbinñas Renville, Juan Guaroa,
_d1944-
_eautor
_956014
245 1 0 _aLa ciguapa dominicana /
_cGuaroa Ubiñas Renville.
264 _aSanto Domingo :
_bLetras Gráficas,
_c2001.
300 _a16 páginas :
_bilustraciones ;
_c21 cm.
336 _2rdacontent
_atexto
_btxt
337 _2rdamedia
_asin mediación
_bn
338 _2rdacarrier
_avolumen
_bnc
490 1 _aHistorias, mitos y leyendas
_v1
590 _aInventariado, 2024/DG
830 0 _aHistorias, mitos y leyendas
_v1
_956015
910 _aDG
942 _2ddc
_cLF2
999 _c28599
_d28599